• 首页
  • 本馆介绍
  • 公告通知
  • 最新文献
  • 馆藏检索
  • 电子资源
  • 读者导购
  • 参考咨询
  • 我的图书馆
  • 登录
  • 详细信息显示
  • 放入我的书架
  • 预约/预借图书
  • 作者相关作品
  • 分类相关作品
  • 丛书相关作品
  • 出版社相关作品

书目信息

  • 表格格式
  • 工作单格式
  • 卡片格式
题名:
师范生职业生涯规划与教学能力培养研究
    
 
作者: 张献图 著
分册:  
出版信息: 西安   陕西科学技术出版社  2022
页数: 147页
开本: 26cm
丛书名:
单 册:
中图分类: G65
科图分类:
主题词: 师范教育--职业选择--教学研究 , 师范教育--教学能力--研究
电子资源:
ISBN: 978-7-5369-8139-3
000 01166nam0 2200241 450
001 2344190275
005 20231204121639.14
010    @a978-7-5369-8139-3@dCNY58.00
100    @a20220907d2022 em y0chiy50 ea
101 0  @achi
102    @aCN@b610000
105    @ay z 000yy
200 1  @a师范生职业生涯规划与教学能力培养研究@Ashi fan sheng zhi ye sheng ya gui hua yu jiao xue neng li pei yang yan jiu@f张献图著
210    @a西安@c陕西科学技术出版社@d2022
215    @a147页@d26cm
300    @a项目名称:高等师范院校师范专业毕业实习改革研究
330    @a本书系统研究师范生职业生涯规划与教学能力培养的专著。本书在系统介绍职业生涯规划相关概念的基础上,对职业生涯规划意识与职业生涯规划的经典理论进行了深入分析;同时,本书还勾勒出师范生职业选择的一般过程,归纳了影响其做出职业选择的重要因素;其次,对师范生就业技能培育和当前师范生教育实习现状进行了剖析,并提出合理的建议;最后,重点探讨了师范生如何才能做出一个合理的职业生涯规划,旨在为师范生人才培养建言献策。
606 0  @a师范教育@x职业选择@x教学研究
606 0  @a师范教育@x教学能力@x研究
690    @aG65@v5
701  0 @a张献图@Azhang xian tu@4著
801  0 @aCN@b91MARC@c20220907
905    @aZUCC@dG65@e5
    
    师范生职业生涯规划与教学能力培养研究/张献图著.-西安:陕西科学技术出版社,2022
    147页;26cm
    项目名称:高等师范院校师范专业毕业实习改革研究
    
    ISBN 978-7-5369-8139-3:CNY58.00
    本书系统研究师范生职业生涯规划与教学能力培养的专著。本书在系统介绍职业生涯规划相关概念的基础上,对职业生涯规划意识与职业生涯规划的经典理论进行了深入分析;同时,本书还勾勒出师范生职业选择的一般过程,归纳了影响其做出职业选择的重要因素;其次,对师范生就业技能培育和当前师范生教育实习现状进行了剖析,并提出合理的建议;最后,重点探讨了师范生如何才能做出一个合理的职业生涯规划,旨在为师范生人才培养建言献策。
●
相关链接 在五车中查询图书 在当当中查询图书 在豆瓣中查询图书


正题名:师范生职业生涯规划与教学能力培养研究     索取号:G65/5         预约/预借

序号 登录号 条形码 馆藏地/架位号 状态 备注
1 2001259441   2001259441   辽宁北方(第一批)/辽宁北方(第一批)/149/ [索取号:G65/5] 在馆    
2 2001259442   2001259442   辽宁北方(第一批)/辽宁北方(第一批)/149/ [索取号:G65/5] 在馆    
3 2001259443   2001259443   辽宁北方(第一批)/辽宁北方(第一批)/149/ [索取号:G65/5] 在馆    
4 2001259444   2001259444   辽宁北方(第一批)/辽宁北方(第一批)/149/ [索取号:G65/5] 在馆    
5 2001259445   2001259445   辽宁北方(第一批)/辽宁北方(第一批)/149/ [索取号:G65/5] 在馆    
6 2001259446   2001259446   辽宁北方(第一批)/辽宁北方(第一批)/149/ [索取号:G65/5] 在馆    
山东省滨州职业学院图书馆 欢迎您!
大连网信软件有限公司© 版权所有